000 01341nam a22003617 4500
001 000107256
003 CHAP
005 20220817044536.0
008 120822s2011 mx r 00010 spa d
010 _a103718
011 _a104690
020 _a9786071202062
035 _a115380
040 _cCHAP
082 0 4 _a584.150972
_bD53
245 0 0 _aDiagnóstico de la familia Orchidaceae en México :
_b(Prosthechae citrina, Prosthechea vitellina, Stanhopea tigrina, Encyclia adenocaula, Laelia speciosa, Laelia gouldiana y Rhynchostele rossii) /
_c/coordinado por María de los Ángeles Aída Téllez Velasco.
260 _aChapingo, Méx. :
_bUACH,
_c2011.
300 _a179 p. :
_bilus., cuadros, mapas.
590 _aBATCH-UPD
_b10
_c20130110
_lUCH01
_h0925
590 _aBATCH-UPD
_b10
_c20130410
_lUCH01
_h0546
590 _aBATCH-UPD
_b10
_c20130914
_lUCH01
_h1538
590 _aCONVERSION
_b10
_c20130109
_lUCH01
_h1357
590 _aE11695DGD
_b10
_c20150327
_lUCH01
_h0956
650 1 4 _aGenética vegetal.
650 1 4 _aOrquidáceas
_zMéxico.
_983743
650 1 4 _aSemillas
_xConservación.
_9103886
700 1 _aTéllez Velasco, María de los Ángles Aída
_e, comp.
_9113573
901 _aBK
911 _aen proceso
942 _cLIBRO
942 _n0
949 _a584.15 D53
_bBC
_cUACH
_d33724002345157
_eUACH
_h117306
_i115380
_st
999 _c103718
_d103718